000 00826nas a2200277 4500
001 BR0200855
003 BR-BrBNA
005 20231205102734.0
007 ta
008 230509b bl.|||p| |||| 00| 00por d
040 _aBR-BrBNA
_bpor
_cBiblioteca Nacional de Agricultura
041 _a(Pt)
072 _aH10
100 1 _aViana, C.H.P.
100 1 _aMarques, O.M.
100 1 _aCarvalho, C.A.L. de
245 1 _aRutelinae (Coleoptera: Scarabaeidae)coletados em armadilha luminosa em Cruz das Almas, Bahia
650 _aColeoptero
650 _aArmadilha Luminosa
650 _aCaptura
650 _aFlutuação Populacional
650 _aBahia
773 0 _tMagistra (Brazil)
_xISSN 0102-5333
_g(Jan-Jun 2001), v. 13(1) p. 9-13
_wBR0200855
909 _a202311
_bLúcia
_c55
_dLúcia Elande
942 _2AGRIS
_n0
_cANA
999 _c169077
_d169077